Peace mission : (Record no. 40909)
[ view plain ]
| 000 -LEADER | |
|---|---|
| fixed length control field | 00723nam a22001937a 4500 |
| 005 - DATE AND TIME OF LATEST TRANSACTION | |
| control field | 20100811120312.0 |
| 010 ## - LCCN (DPL NO) | |
| LC control number | ENG-99533 |
| 020 ## - INTERNATIONAL STANDARD BOOK NUMBER | |
| International Standard Book Number | 9788124114322 |
| Terms of availability | 1500.00 |
| 035 ## - SYSTEM CONTROL NUMBER | |
| System control number | EN-83065 |
| 037 ## - SOURCE OF ACQUISITION | |
| Source of stock number/acquisition | DBAD/PUB |
| 082 ## - DEWEY DECIMAL CLASSIFICATION NUMBER | |
| Classification number | 327.172 |
| 100 ## - MAIN ENTRY--PERSONAL NAME | |
| Personal name | Bhim Singh |
| 245 ## - TITLE STATEMENT | |
| Title | Peace mission : |
| Remainder of title | around the world on motorcycle / |
| Statement of responsibility, etc | by Bhim Singh |
| 260 ## - PUBLICATION, DISTRIBUTION, ETC. (IMPRINT) | |
| Place of publication, distribution, etc | New Delhi |
| Name of publisher, distributor, etc | Har-Anand Publications |
| Date of publication, distribution, etc | 2009 |
| 270 ## - ADDRESS | |
| Address | E-49/3, Okhla Insdustrial Area, Phase-II |
| City | New Delhi |
| Postal code | 110020 |
| 300 ## - PHYSICAL DESCRIPTION | |
| Extent | v.1 (319p.) |
| Dimensions | 22cm (Hb) |
| 942 ## - ADDED ENTRY ELEMENTS (KOHA) | |
| Source of classification or shelving scheme | Dewey Decimal Classification |
| Item type | English Books |
| Classification part | 327.172 |
| Call number suffix | BHI |
| Withdrawn status | Lost status | Materials specified (bound volume or other part) | Not for loan | Collection code | Home library | Current library | Date acquired | Source of acquisition | Cost, normal purchase price | Full call number | Barcode | Copy number | Cost, replacement price | Koha item type | Public note |
|---|---|---|---|---|---|---|---|---|---|---|---|---|---|---|---|
| v.1 | Not For Loan | Non-fiction | Central Library | D.B.Act.Division | 11/08/2010 | DBAD/PUB | 1500.00 | 327.172 BHI | EN-83065 | 1 | 1500.00 | English Books | v.1 |
